000 00356 a2200145 4500
001 74298
020 _a
040 _cAnchieta - Colégio São Paulo
240 1 0 _aDiretizes curriculares de educação ambiental
_lpor
245 1 0 _aDiretizes curriculares de educação ambiental
300 _a163
362 0 _a2006
650 4 _aEducação
942 _cBK
999 _c74298
_d74298